1495 1341 1039 1319 1737 1644 1394 1297 1924 1838 1270 1254 1156 1789 1967 1720 1669 1739 1007 1590 1446 1881 1893 1265 1365 1947 1031 1142 1697 1442 1526 1125 1223 1905 1921 1976 1729 1206 1034 1437 1575 1035 1585 1795 1108 1946 1398 1831 1935 1853 1229 1220 1684 1578 1898 1118 1399 1078 1331 1266 1109 1074 1283 1129 1639 1071 1810 1826 1719 1212 1419 1088 1484 1803 1040 1254 1282 1657 1233 1783 1768 1741 1146 1070 1971 1482 1613 1209 1737 1913 1081 1927 1496 1929 1369 1602 1566 1713 1910 BCNSPRNW ULIB Ver.6.0+V

เปลี่ยนเป็นภาษาไทย

Change to English
 แสดงรายละเอียดบรรณานุกรม
  กลับหน้าหลัก

Brief Record : Get Marc (ISO 2709) : E-mail record : QR code < ปิดหน้าต่าง
LEADER : 00000nam 2200000uu 4500
001    13399113409
003     ULIB
008    020711s2553 th a 000 0 tha d
020    ^a9746167205304
099    ^aนว.ม551ล 2553 ล.2
100    ^aมาอายะ
245    ^aเล่ห์รักมาเฟีย2/^cมาอายะ
250    ^aพิมพ์ครั้งที่ 1
260    ^aเม็ดทรายพริ้นติ้ง :^bกรุงเทพฯ,^c2553
300    ^a260 หน้า
945    ^p218^l0^i028075
999 ^a ทศพร
รายการนี้ยังไม่มีแท็ก
คุณยังไม่ได้ล็อกอิน คุณสามารถมีกิจกรรมร่วมกับเว็บไซต์ได้ แต่ต้องล็อกอินก่อน ::
  ล็อกอิน

รายการสื่อสารสนเทศ

ลำดับที่ ประเภท เลขเรียก/บาร์โค้ด สถานที่ สถานะ
1. นวนิยาย
นวนิยาย
นว.ม551ล 2553 ล.2 ฉ.1 
  Barcode: 028075
ห้องสมุดวิทยาเขตสวรรค์ประชารักษ์
►นวนิยาย
บนชั้น
  ขอยืม

รายการใกล้เคียง
    ผู้แต่ง [มาอายะ]

BibComment


ยังไม่เคยถูกคอมเมนท์

คอมเมนท์ทรัพยากรรายการนี้
  คอมเมนท์: เล่ห์รักมาเฟีย2 ..


 Copyright 2026. Bcnsprnw @Library